<?xml version="1.0" encoding="UTF-8"?>
<record
    xmlns:xsi="http://www.w3.org/2001/XMLSchema-instance"
    xsi:schemaLocation="http://www.loc.gov/MARC21/slim http://www.loc.gov/standards/marcxml/schema/MARC21slim.xsd"
    xmlns="http://www.loc.gov/MARC21/slim">

  <leader>00911naa a2200217 uc4500</leader>
  <controlfield tag="001">318299</controlfield>
  <controlfield tag="005">20241129090441.0</controlfield>
  <controlfield tag="008">981120s1996                        spa  </controlfield>
  <datafield tag="035" ind1=" " ind2=" ">
    <subfield code="a">318299</subfield>
  </datafield>
  <datafield tag="040" ind1=" " ind2=" ">
    <subfield code="c">comduadb</subfield>
  </datafield>
  <datafield tag="041" ind1=" " ind2=" ">
    <subfield code="a">spa</subfield>
  </datafield>
  <datafield tag="100" ind1="1" ind2="0">
    <subfield code="a">Jim&#xE9;nez L&#xF3;pez, Mar&#xED;a &#xC1;ngeles</subfield>
    <subfield code="4">aut</subfield>
    <subfield code="e">aut</subfield>
    <subfield code="9">290213</subfield>
  </datafield>
  <datafield tag="245" ind1="1" ind2="0">
    <subfield code="a">Dificultades de insercion laboral del bibliotecario-documentalista en el sector de la empresa privada: el caso de las industrias quimica y farmaceutica</subfield>
  </datafield>
  <datafield tag="300" ind1=" " ind2=" ">
    <subfield code="a">v.1 p.103-110</subfield>
  </datafield>
  <datafield tag="650" ind1=" " ind2="7">
    <subfield code="a">Mercado laboral</subfield>
    <subfield code="2">lemb</subfield>
    <subfield code="9">102197</subfield>
  </datafield>
  <datafield tag="650" ind1=" " ind2="7">
    <subfield code="a">Profesionales de la informaci&#xF3;n</subfield>
    <subfield code="2">lemb</subfield>
    <subfield code="9">54384</subfield>
  </datafield>
  <datafield tag="650" ind1=" " ind2=" ">
    <subfield code="a">Perfil profesional del documentalista</subfield>
    <subfield code="9">24747</subfield>
  </datafield>
  <datafield tag="700" ind1="1" ind2="0">
    <subfield code="a">Gonzalez Quesada, Alfonso</subfield>
    <subfield code="4">aut</subfield>
    <subfield code="e">aut</subfield>
    <subfield code="9">323385</subfield>
  </datafield>
  <datafield tag="773" ind1="0" ind2=" ">
    <subfield code="t">Sistemas de Informaci&#xF3;n : balance de 12 a&#xF1;os de jornadas y perspectivas de futuro : Actas</subfield>
    <subfield code="g">v.1 p.103-110</subfield>
    <subfield code="w">313067</subfield>
    <subfield code="z">8477232563</subfield>
    <subfield code="w">(OCoLC)432174844</subfield>
    <subfield code="0">106134</subfield>
  </datafield>
  <datafield tag="942" ind1=" " ind2=" ">
    <subfield code="c">BKCAP</subfield>
  </datafield>
  <datafield tag="999" ind1=" " ind2=" ">
    <subfield code="c">106981</subfield>
    <subfield code="d">106981</subfield>
  </datafield>
</record>
